The child from five to ten / (Record no. 30258)
[ view plain ]
| 000 -LEADER | |
|---|---|
| fixed length control field | 01109nam a22003252a 4500 |
| 001 - CONTROL NUMBER | |
| control field | 30258 |
| 003 - CONTROL NUMBER IDENTIFIER | |
| rucl marc code | BD-RjUL |
| 005 - DATE AND TIME OF LATEST TRANSACTION | |
| control field | 20211209051533.0 |
| 008 - FIXED-LENGTH DATA ELEMENTS--GENERAL INFORMATION | |
| fixed length control field | 140409s1946 nyua b 001 0 eng d |
| 035 ## - SYSTEM CONTROL NUMBER | |
| System control number | (BD-RjUL)30343 |
| 040 ## - CATALOGING SOURCE | |
| Original cataloging agency | DLC |
| Transcribing agency | DLC |
| Modifying agency | IUD |
| -- | OCL |
| -- | EQO |
| -- | BD-RjUL |
| Language of cataloging | eng |
| 041 ## - LANGUAGE CODE | |
| Language code of text/sound track or separate title | eng |
| 082 ## - DEWEY DECIMAL CLASSIFICATION NUMBER | |
| Classification number | 136.7 |
| Author mark and year | GEC 1946 |
| 096 ## - LOCALLY ASSIGNED NLM-TYPE CALL NUMBER (OCLC) | |
| Classification number | WS 105 G389c 1946 |
| 100 1# - MAIN ENTRY--PERSONAL NAME | |
| Personal name | Gesell, Arnold, |
| Dates associated with a name | 1880-1961. |
| 9 (RLIN) | 44163 |
| 245 14 - TITLE STATEMENT | |
| Title | The child from five to ten / |
| Statement of responsibility, etc. | by Arnold Gesell [and] Frances L. Ilg in collaboration with Louise Bates Ames [and] Glenna E. Bullis |
| 260 ## - PUBLICATION, DISTRIBUTION, ETC. (IMPRINT) | |
| Place of publication, distribution, etc. | New York and ; |
| -- | London : |
| Name of publisher, distributor, etc. | Harper & Brothers, |
| Date of publication, distribution, etc. | c1946 |
| 300 ## - PHYSICAL DESCRIPTION | |
| Pagination | xii p., 1 l., 475 p. |
| Illustrations | ill. ; |
| Size | 25 cm |
| 500 ## - GENERAL NOTE | |
| General note | "First edition." |
| 504 ## - BIBLIOGRAPHY, ETC. NOTE | |
| Bibliography, etc | "References and readings": p. 455-458 |
| Bibliography, etc | Includes index. |
| 650 #0 - SUBJECT ADDED ENTRY--TOPICAL TERM | |
| Topical term or geographic name as entry element | Child development |
| 9 (RLIN) | 91990 |
| Topical term or geographic name as entry element | Child development |
| 9 (RLIN) | 91991 |
| Topical term or geographic name as entry element | Child Guidance |
| 9 (RLIN) | 16194 |
| 700 1# - ADDED ENTRY--PERSONAL NAME | |
| Personal name | Ilg, Frances L. |
| Fuller form of name | (Frances Lillian), |
| Dates associated with a name | 1902-1981 |
| Personal name | Ames, Louise Bates. |
| Personal name | Bullis, Glenna E. |
| 942 ## - ADDED ENTRY ELEMENTS (KOHA) | |
| Source of classification or shelving scheme | Dewey Decimal Classification |
| Koha item type | Books |
| Lost status | Source of classification or shelving scheme | Damaged status | Not for loan | Collection code | Permanent Location | Current Location | Shelving location | Date acquired | Source of acquisition | Cost, normal purchase price | Total Checkouts | Full call number | Date last seen | Copy number | Koha item type |
|---|---|---|---|---|---|---|---|---|---|---|---|---|---|---|---|
| Dewey Decimal Classification | Non-fiction | Central Library, University of Rajshahi | Central Library, University of Rajshahi | 11/04/1967 | U.S.A | 0.00 | 136.7 GEC 1946 | 09/04/2014 | C-2 | Books |